Bienvenue au Catalogue en Ligne des Bibliothèques de l'Universite du Burundi

Contribution à l'étude des problèmes de recouvrement des créances commerciales dans une entreprise publique (Record no. 42997)

000 -GUIDE
Champ de contrôle de longueur fixe 01389nam a22002897a 4500
003 - IDENTITÉ DU NUMÉRO DE CONTRÔLE
Champ de contrôle BI-BuBU
008 - ÉLÉMENTS DE LONGUEUR FIXE - RENSEIGNEMENTS GÉNÉRAUX
Champ de contrôle de longueur fixe 200831b1998 bd fr|||| 000 0 fre d
037 ## - SOURCE D'ACQUISITION
Numéro d'inventaire 179859
Source d'acquisition et du numéro d'inventaire Don de l'auteur
039 ## - NIVEAU DE CONTRÔLE BIBLIOGRAPHIQUE ET HISTORIQUE D'ENCODAGE [OBSOLETE]
Date creation 20200831144737.0
Nom catalographe Constance Niyimpa
040 ## - SOURCE DU CATALOGAGE
Organisme qui a effectué le catalogage original BI-BuBU
Code de la langue utilisée dans le catalogage fre
Organisme qui a effectué la transcription BI-BuBU
Organisme qui a effectué la modification BI-BuBU
041 0# - CODE DE LANGUE
Code de langue du texte/de la piste sonore ou du titre distinct fre
080 ## - INDICE DE LA CLASSIFICATION DÉCIMALE UNIVERSELLE (CDU)
Indice de la Classification décimale universelle 658.115.
100 1# - VEDETTE PRINCIPALE - NOM DE PERSONNE
Code de relation aut.
Nom de personne Barasukana, Darius
245 10 - MENTION DU TITRE
Titre Contribution à l'étude des problèmes de recouvrement des créances commerciales dans une entreprise publique
Reste du titre cas de la REGIDESO
Mention de responsabilité, etc. par Darius Barasukana ; Célestin Nahimana ; Paul Niyungeko, directeur
260 ## - PUBLICATION, DIFFUSION, ETC. (ADRESSE BIBLIOGRAPHIQUE)
Lieu de publication, diffusion, etc. Bujumbura
Nom de l'éditeur, diffuseur, etc. Université du Burundi, Faculté des Sciences Economiques et Administratives
Date of publication, distribution, etc 1998
300 ## - DESCRIPTION MATÉRIELLE
Collation XII-106 f.
Dimensions 32 cm.
500 ## - NOTE GÉNÉRALE
Note générale Mémoire présenté et défendu publiquement en vue de l'obtention du grade de Licencié en Sciences Économiques et Administratives.<br/>Option : Gestion et Administration
650 #7 - VEDETTE-MATIÈRE - NOM COMMUN
Source du terme BI-BuBU
Vedette de sujet ou vedette comportant un nom géographique Entreprise publique
Subdivision générale REGIDESO
-- Gestion
-- Créance
650 #7 - VEDETTE-MATIÈRE - NOM COMMUN
Source du terme BI-BuBU
Vedette de sujet ou vedette comportant un nom géographique REGIDESO
Subdivision générale Créance commerciale
-- Recouvrement
650 #7 - VEDETTE-MATIÈRE - NOM COMMUN
Source du terme BI-BuBU
Vedette de sujet ou vedette comportant un nom géographique Gestion
Subdivision générale Créance
-- Entreprise publique
-- REGIDESO
655 #7 - TERME D'INDEXATION - GENRE OU FORME
Source du terme BI-BuBU
Données ou terme dominant sur le genre ou la forme Mémoire
700 1# - VEDETTE SECONDAIRE - NOM DE PERSONNE
Code de relation aut.
Nom d'auteur Nahimana, Célestin
700 1# - VEDETTE SECONDAIRE - NOM DE PERSONNE
Code de relation dir.
Nom d'auteur Niyungeko, Paul
710 1# - VEDETTE SECONDAIRE - NOM DE COLLECTIVITÉ
Code de relation aut.
Nom de la collectivité ou nom de lieu comme élément de classement Université du Burundi
Collectivité subordonnée Faculté des Sciences Economiques et Administratives
942 ## - ÉLÉMENTS D'ENTRÉE ADDITIONNELLE (KOHA)
Source de la classification ou du système de rangement
Type d item koha Memoire
Holdings
Statut de retrait Statut de perte Source de la classification ou du système de rangement Statut de déterioration Exclu du prêt Numéro d item Koha Localisation permanente Localisation actuelle Date d'acquisition Source d'acquisition Nombre de prêts Cote Code-barres Date last seen Numéro d'exemplaire Prix en vigueur à partir du Type d item koha Numero d'inventaire
        Not For Loan 67855 Bibliothèque Centrale Bibliothèque Centrale 09/09/2020 Don de l'auteur   R.658.115.BAR.R 5010000721466 09/09/2020 1 09/09/2020 Memoire 179906
        Not For Loan 67647 Bibliothèque de la Faculté des Sciences Économiques et Administratives Bibliothèque de la Faculté des Sciences Économiques et Administratives 31/08/2020 Don de l'auteur   658.115.BAR.R 5010000571115 31/08/2020 1 31/08/2020 Memoire  
        Not For Loan 67648 Bibliothèque de la Faculté des Sciences Économiques et Administratives Bibliothèque de la Faculté des Sciences Économiques et Administratives 01/09/2020 Don de l'auteur   658.115.BAR.R 5010000571122 01/09/2020 2 01/09/2020 Memoire  
© 2019-2026 - Bibliothèques de l'Université du Burundi |Tous droits réservés
home | Pour toute information urgente Contactez nous | tel whatsupp: +25779204313